[Event "IHEM 2002"]
[Site "Hamburg"]
[Date "2002.05.22"]
[Round "5.6"]
[White "Farago, Ivan"]
[Black "Trisic, Alexandar"]
[Result "1-0"]
[WhiteElo "2506"]
[BlackElo "2306"]
[PlyCount "103"]
[EventDate "2002.??.??"]

1. d4 Nf6 2. c4 e6 3. Nf3 d5 4. Nc3 Be7 5. Bg5 O-O 6. e3 Nbd7 7. Rc1 c6 8. Bd3
dxc4 9. Bxc4 Nd5 10. Bxe7 Qxe7 11. Ne4 b6 12. O-O Bb7 13. Ne5 Nxe5 14. dxe5 c5
15. Qg4 Kh8 16. Nd6 Bc6 17. Qg3 f5 18. Bxd5 Bxd5 19. a3 g5 20. f3 a5 21. e4 f4
22. Qg4 Bb3 23. h4 gxh4 24. Kf2 Rg8 25. Qh5 Rg6 26. Rh1 Rag8 27. Rcg1 Qg7 28.
Rh2 h6 29. Qxh4 Rf8 30. Qh5 Kh7 31. Rgh1 Rg8 32. Ke1 Rd8 33. Qxh6+ Rxh6 34.
Rxh6+ Qxh6 35. Rxh6+ Kg7 36. Rh4 Rf8 37. Kd2 Kg6 38. Kc3 a4 39. Nc4 b5 40. Nd6
Rb8 41. Rxf4 b4+ 42. Kd2 bxa3 43. bxa3 Ba2 44. Rf6+ Kh5 45. g3 Rh8 46. Nf7 Rh7
47. Kd3 Bb3 48. Kc3 Ba2 49. Nd8 Rg7 50. g4+ Kh4 51. Nxe6 c4 52. Nxg7 1-0

[Event "IHEM 2002"]
[Site "Hamburg"]
[Date "2002.05.22"]
[Round "5.7"]
[White "Berg, Emanuel"]
[Black "Meier, David-Geffrey"]
[Result "1-0"]
[WhiteElo "2514"]
[BlackElo "2108"]
[PlyCount "57"]
[EventDate "2002.??.??"]

1. e4 e6 2. d4 d5 3. Nd2 c5 4. Ngf3 Nc6 5. dxc5 Bxc5 6. Bd3 Nf6 7. Qe2 Nb4 8.
O-O Nxd3 9. cxd3 O-O 10. Nb3 Be7 11. Bg5 h6 12. Bh4 b6 13. Nfd4 Bb7 14. Bxf6
Bxf6 15. e5 Be7 16. f4 Rc8 17. Qg4 Bc5 18. Kh1 Bxd4 19. Nxd4 Qc7 20. Rae1 Ba6
21. f5 Bxd3 22. f6 Bg6 23. fxg7 Kxg7 24. h4 h5 25. Qg5 Qd7 26. Rf6 Rfe8 27. g4
Rc4 28. gxh5 Rxd4 29. hxg6 1-0

[Event "IHEM 2002"]
[Site "Hamburg"]
[Date "2002.05.22"]
[Round "5.8"]
[White "Wahls, Matthias"]
[Black "Chevelevitch, Evgueni"]
[Result "1-0"]
[WhiteElo "2561"]
[BlackElo "2278"]
[PlyCount "55"]
[EventDate "2002.??.??"]

1. c4 e5 2. d3 Nf6 3. Nf3 d6 4. g3 g6 5. b4 Bg7 6. Bb2 O-O 7. Nbd2 e4 8. dxe4
Re8 9. Bg2 Nxe4 10. Bxg7 Kxg7 11. Nxe4 Rxe4 12. Nd2 Re8 13. Ne4 Nc6 14. b5 Ne5
15. Qd4 f5 16. Nc3 Qf6 17. Rd1 Be6 18. Bxb7 c5 19. bxc6 Bxc4 20. Kf1 Rab8 21.
f4 Ng4 22. Qxf6+ Nxf6 23. Rxd6 Ne4 24. Rd4 Nxc3 25. Rxc4 Nd5 26. Kf2 Re7 27.
Rd1 Ne3 28. Rd7 1-0

[Event "IHEM 2002"]
[Site "Hamburg"]
[Date "2002.05.22"]
[Round "5.10"]
[White "Lahlum, Hans Olav"]
[Black "Gullaksen, Eirik"]
[Result "1/2-1/2"]
[WhiteElo "2218"]
[BlackElo "2326"]
[PlyCount "98"]
[EventDate "2002.??.??"]

1. d4 Nf6 2. c4 g6 3. Nc3 Bg7 4. e4 d6 5. f3 O-O 6. Be3 c5 7. dxc5 dxc5 8. Qxd8
Rxd8 9. Bxc5 Nc6 10. Ba3 a5 11. Rd1 Be6 12. Nd5 Nb4 13. Nxe7+ Kh8 14. Rxd8+
Rxd8 15. Nd5 Nc2+ 16. Kf2 Nxa3 17. bxa3 b5 18. Nh3 bxc4 19. Bxc4 Rc8 20. Bb3 a4
21. Bxa4 Nxd5 22. exd5 Bxd5 23. Bb3 Bxb3 24. axb3 Rc2+ 25. Kg3 Be5+ 26. f4 Rc3+
27. Kf2 Bd4+ 28. Ke2 Re3+ 29. Kd2 Rxb3 30. a4 Ra3 31. Rb1 Kg7 32. Ke2 Rxa4 33.
Rb3 h6 34. Kf3 Ra2 35. Rd3 Bb6 36. Rb3 Ba7 37. Rc3 Rb2 38. Ra3 Bb6 39. Rc3 Kf6
40. Rc6+ Kg7 41. Rc3 f6 42. Rd3 g5 43. Rd7+ Kg8 44. fxg5 hxg5 45. Ke4 Rxg2 46.
Rd6 Bc7 47. Rxf6 Kg7 48. Rf2 Rxf2 49. Nxf2 Bxh2 1/2-1/2

[Event "IHEM 2002"]
[Site "Hamburg"]
[Date "2002.05.22"]
[Round "5.15"]
[White "Voigt, Martin"]
[Black "Maahs, Erich"]
[Result "1/2-1/2"]
[WhiteElo "2298"]
[BlackElo "2194"]
[PlyCount "123"]
[EventDate "2002.??.??"]

1. e4 d5 2. exd5 Nf6 3. d4 Bg4 4. Nf3 Qxd5 5. Be2 e6 6. h3 Bh5 7. c4 Qa5+ 8.
Bd2 Bb4 9. Nc3 c6 10. a3 Be7 11. Nd5 Qd8 12. Nxe7 Qxe7 13. O-O Qd8 14. Bg5 O-O
15. Ne5 Bxe2 16. Qxe2 Qxd4 17. Bxf6 gxf6 18. Ng4 f5 19. Rad1 Qg7 20. Ne5 f6 21.
Rd3 Kh8 22. Rg3 Qh6 23. Rd1 Na6 24. Nd7 Rfe8 25. Rd6 Nc7 26. Nc5 Re7 27. Qd1 f4
28. Rgd3 Rg8 29. Rd8 Ne8 30. Qf3 b6 31. R3d7 Rxd7 32. Nxd7 e5 33. Qxc6 Qg6 34.
Qf3 h5 35. g3 fxg3 36. fxg3 Qb1+ 37. Kg2 Qxb2+ 38. Qf2 Qxf2+ 39. Kxf2 Nd6 40.
Rxg8+ Kxg8 41. c5 bxc5 42. Nxf6+ Kf7 43. Nd7 Ke6 44. Nxc5+ Kd5 45. Nd7 Ne4+ 46.
Kf3 Kd4 47. h4 Nd2+ 48. Ke2 Nb1 49. Nf6 Nxa3 50. Nxh5 Nb5 51. Ng7 Ke4 52. h5
Nd4+ 53. Kf2 Nf5 54. g4 Ne7 55. Ne6 a5 56. Nf8 Ng8 57. g5 Kf5 58. h6 Nxh6 59.
gxh6 Kf6 60. Kf3 a4 61. Ne6 Kg6 62. Nc5 1/2-1/2

[Event "IHEM 2002"]
[Site "Hamburg"]
[Date "2002.05.22"]
[Round "5.16"]
[White "Gollasch, Theo-Heinz"]
[Black "Schulz, Hans-Juergen"]
[Result "1-0"]
[WhiteElo "2126"]
[BlackElo "2104"]
[PlyCount "85"]
[EventDate "2002.??.??"]

1. c4 e5 2. Nc3 Nf6 3. g3 d5 4. cxd5 Nxd5 5. Bg2 Nb6 6. d3 Nc6 7. Nf3 Be7 8.
O-O O-O 9. a3 a5 10. Na4 Nxa4 11. Qxa4 Bd7 12. Qe4 Re8 13. Bd2 Kh8 14. Bc3 f5
15. Qd5 Bd6 16. e4 Be6 17. Qb5 Ra6 18. d4 Rb6 19. Qe2 exd4 20. Nxd4 Bd7 21. Qc2
Qg5 22. Nxf5 Bxf5 23. exf5 Rb5 24. Rae1 Rf8 25. Bxc6 bxc6 26. Qe4 Rbxf5 27.
Qxc6 Bc5 28. Re2 Bb6 29. Kg2 Rd5 30. Re8 Rd8 31. Rxf8+ Rxf8 32. Qe4 h6 33. f4
Qb5 34. Re1 Qh5 35. Qf3 Qc5 36. Re4 Qg1+ 37. Kh3 Qc5 38. Qg4 Rf7 39. Qg6 Qf5+
40. Qxf5 Rxf5 41. Re7 Rc5 42. Bxg7+ Kg8 43. Bc3 1-0

[Event "IHEM 2002"]
[Site "Hamburg"]
[Date "2002.05.22"]
[Round "5.17"]
[White "Gaede, Derek"]
[Black "Schüler, Hendrik"]
[Result "1-0"]
[WhiteElo "2181"]
[BlackElo "2197"]
[PlyCount "176"]
[EventDate "2002.??.??"]

1. d4 Nf6 2. c4 g6 3. Nc3 Bg7 4. e4 d6 5. f3 O-O 6. Bg5 a6 7. Qd2 c5 8. d5 b5
9. cxb5 Qa5 10. bxa6 Bxa6 11. Bxa6 Qxa6 12. Nge2 Nbd7 13. O-O Ne5 14. b3 Rfb8
15. f4 Nd3 16. Rab1 c4 17. h3 cxb3 18. axb3 Qa7+ 19. Kh2 Nc5 20. Qc2 Rb4 21.
Ng3 Qb7 22. e5 dxe5 23. fxe5 Nxd5 24. Nxd5 Qxd5 25. Bxe7 Rc8 26. Rbd1 Qxe5 27.
Rde1 Qd5 28. Rd1 Qxb3 29. Qxc5 Rc4 30. Qd5 Rc3 31. Qxb3 Rxb3 32. Bf6 Rb2 33.
Bxb2 Bxb2 34. Rfe1 h5 35. Rd7 Bc1 36. Ree7 Rf8 37. Ne4 Bf4+ 38. g3 Bb8 39. Nf6+
Kg7 40. Nd5 h4 41. Nf4 hxg3+ 42. Kxg3 g5 43. Kg4 Bxf4 44. Kf5 Bc1 45. Rb7 Bd2
46. Red7 Bc1 47. Re7 Bd2 48. Ra7 Bc1 49. Rad7 Bb2 50. Rc7 Bd4 51. Rb7 Bc3 52.
Red7 Bf6 53. Ra7 Bb2 54. Kxg5 Bc1+ 55. Kf5 Be3 56. Rac7 Bh6 57. Rc6 Be3 58.
Rg6+ Kh8 59. Rg3 Bf2 60. Rg4 Be1 61. Kf6 Bc3+ 62. Ke7 Bg7 63. Rd5 f5 64. Rf4
Ra8 65. Rfxf5 Kh7 66. Rh5+ Kg8 67. Rd8+ Rxd8 68. Kxd8 Kf7 69. Kd7 Kg6 70. Rh4
Kf5 71. Kd6 Bf8+ 72. Kd5 Kg5 73. Rg4+ Kh5 74. Ke4 Bd6 75. Kf5 Ba3 76. Rg8 Bb2
77. Rb8 Bc3 78. Rb7 Kh6 79. Kg4 Bd4 80. h4 Kg6 81. Rc7 Be3 82. Rc6+ Kg7 83. Kf5
Bd2 84. Rg6+ Kh7 85. Kf6 Be3 86. Kf7 Bd2 87. Rg7+ Kh6 88. Rg8 Bc1 1-0

[Event "IHEM 2002"]
[Site "Hamburg"]
[Date "2002.05.23"]
[Round "6.2"]
[White "Hansen, Sune Berg"]
[Black "Berg, Emanuel"]
[Result "1/2-1/2"]
[WhiteElo "2536"]
[BlackElo "2514"]
[PlyCount "38"]
[EventDate "2002.??.??"]

1. e4 e6 2. d4 d5 3. Nd2 Nf6 4. e5 Nfd7 5. c3 c5 6. Bd3 Nc6 7. Ne2 cxd4 8. cxd4
f6 9. exf6 Nxf6 10. Nf3 Bd6 11. O-O Qc7 12. Bg5 O-O 13. Rc1 Bd7 14. Ng3 Ng4 15.
Nh4 Nf6 16. Nf3 Ng4 17. Nh4 Nf6 18. Nf3 Ng4 19. Nh4 {(=)} 19... Nf6 1/2-1/2

[Event "IHEM 2002"]
[Site "Hamburg"]
[Date "2002.05.23"]
[Round "6.3"]
[White "Rogozenko, Dorian"]
[Black "Farago, Ivan"]
[Result "1/2-1/2"]
[WhiteElo "2518"]
[BlackElo "2506"]
[PlyCount "70"]
[EventDate "2002.??.??"]

1. d4 Nf6 2. c4 e6 3. Nc3 Bb4 4. e3 O-O 5. Bd3 d5 6. Nf3 c5 7. O-O dxc4 8. Bxc4
Nbd7 9. a3 cxd4 10. axb4 dxc3 11. bxc3 Qc7 12. Qb3 Nb6 13. Be2 e5 14. Ra5 Be6
15. Qc2 Nbd7 16. c4 Rfc8 17. Nd2 b6 18. Ra6 Bd5 19. Qa2 Bb7 20. Ra3 a5 21. bxa5
bxa5 22. Bb2 Nc5 23. Nb1 Rd8 24. Ba1 Bc6 25. Nc3 Nce4 26. Nb5 Bxb5 27. cxb5 Rd2
28. Qc4 Qxc4 29. Bxc4 Nd6 30. Bd3 e4 31. Be5 exd3 32. Bxd6 Rb2 33. Be5 Rxb5 34.
Bxf6 gxf6 35. Rxd3 a4 {(=)} 1/2-1/2

[Event "IHEM 2002"]
[Site "Hamburg"]
[Date "2002.05.23"]
[Round "6.4"]
[White "Wahls, Matthias"]
[Black "Handke, Florian"]
[Result "1-0"]
[WhiteElo "2561"]
[BlackElo "2440"]
[PlyCount "79"]
[EventDate "2002.??.??"]

1. Nf3 Nf6 2. c4 e6 3. g3 d5 4. b3 d4 5. Bg2 c5 6. e3 Nc6 7. exd4 cxd4 8. O-O
Bd6 9. d3 O-O 10. Bg5 h6 11. Bxf6 Qxf6 12. Ne1 e5 13. Nd2 Qe7 14. Nc2 Nb4 15.
Ne4 Nxc2 16. Qxc2 Bb4 17. c5 Bf5 18. Nd6 Bg6 19. Qc4 Bc3 20. Rac1 Rad8 21. Nxb7
Rb8 22. c6 Rfc8 23. h3 e4 24. dxe4 Qf6 25. f4 Rxc6 26. Qd5 Rc7 27. Nd6 d3 28.
e5 Qe7 29. f5 Bh7 30. Qxd3 Bxe5 31. Nc4 Qc5+ 32. Kh2 Bf6 33. Rcd1 Rcc8 34. Qd5
Qe7 35. Qd7 Qf8 36. Qxa7 Rb5 37. Nd6 Rcb8 38. Nxb5 Rxb5 39. Qd7 Ra5 40. Rc1 1-0

[Event "IHEM 2002"]
[Site "Hamburg"]
[Date "2002.05.23"]
[Round "6.5"]
[White "Putzbach, Gerd"]
[Black "Dr. Müller, Karsten"]
[Result "1-0"]
[WhiteElo "2242"]
[BlackElo "2530"]
[PlyCount "147"]
[EventDate "2002.??.??"]

1. e4 d5 2. exd5 Qxd5 3. Nc3 Qa5 4. d4 c6 5. Bc4 Bf5 6. Nge2 e6 7. O-O Nd7 8.
Bd2 Qc7 9. Ng3 Bg6 10. Nce4 O-O-O 11. c3 h5 12. Re1 h4 13. Nf1 Ngf6 14. Ng5 Bd6
15. b4 Nd5 16. b5 c5 17. Rxe6 Bh5 18. Qb3 N5b6 19. Rxd6 Qxd6 20. Bxf7 Rdf8 21.
Be3 Qe7 22. Be6 Kb8 23. a4 cxd4 24. cxd4 Rh6 25. a5 Nc8 26. b6 a6 27. Rc1 Rg6
28. Qc4 Ndxb6 29. axb6 Nxb6 30. Qc5 Qxc5 31. dxc5 Na8 32. f4 Nc7 33. f5 Rh6 34.
Bf4 Rd8 35. Ne3 Rf6 36. Nh7 Rh6 37. Bxh6 gxh6 38. Nf6 Be2 39. Kf2 Bb5 40. Rd1
Rf8 41. Nd7+ Bxd7 42. Bxd7 a5 43. Kf3 Na6 44. Rd5 Nb4 45. Rd6 Na6 46. c6 b5 47.
c7+ Nxc7 48. Bxb5 Nxb5 49. Rb6+ Kc7 50. Rxb5 Ra8 51. Nc4 a4 52. Na3 Kd6 53. g4
hxg3 54. hxg3 Rc8 55. Kg4 Rc3 56. Nb1 Rd3 57. Ra5 Rb3 58. Nd2 Rb4+ 59. Kh5 Rd4
60. Nb1 Rb4 61. Nc3 a3 62. Rxa3 Rc4 63. Ne2 Ke5 64. g4 Rc2 65. Re3+ Kf6 66.
Re6+ Kg7 67. Kh4 Ra2 68. Nf4 Ra4 69. Nh5+ Kh7 70. Re7+ Kg8 71. Rg7+ Kh8 72. Rg6
Kh7 73. Nf6+ Kh8 74. Rg8# 1-0

[Event "IHEM 2002"]
[Site "Hamburg"]
[Date "2002.05.23"]
[Round "6.8"]
[White "Sax, Gyula"]
[Black "Lahlum, Hans Olav"]
[Result "1-0"]
[WhiteElo "2566"]
[BlackElo "2218"]
[PlyCount "93"]
[EventDate "2002.??.??"]

1. e4 e6 2. d4 d5 3. Nc3 Bb4 4. e5 c5 5. a3 Bxc3+ 6. bxc3 Qc7 7. Qg4 f5 8. Qg3
cxd4 9. cxd4 Ne7 10. c3 O-O 11. Ne2 Nbc6 12. h4 Na5 13. Bg5 Rf7 14. Nf4 Bd7 15.
Be2 Rc8 16. Rh3 Qb6 17. Rc1 Qb2 18. Rd1 Qxa3 19. Bh5 g6 20. Be2 Ba4 21. h5 Bxd1
22. Bxd1 Kf8 23. hxg6 hxg6 24. Nxe6+ Ke8 25. Nf4 Nac6 26. Bf6 Rf8 27. Rh7 Rf7
28. Rh3 Rf8 29. Ne6 Rg8 30. Rh7 Kd7 31. Nc5+ Ke8 32. Nxb7 Rb8 33. Nd6+ Kd7 34.
e6+ Kd8 35. Bxe7+ Nxe7 36. Nc4 f4 37. Qxf4 Qxc3+ 38. Nd2 Rb2 39. Rxe7 Kc8 40.
Rf7 Re8 41. Rf8 Rxf8 42. Qxf8+ Kb7 43. Qe7+ Qc7 44. Qxc7+ Kxc7 45. Bb3 a5 46.
Kd1 a4 47. Bxa4 1-0

[Event "IHEM 2002"]
[Site "Hamburg"]
[Date "2002.05.23"]
[Round "6.9"]
[White "Engelbert, Christoph"]
[Black "Murdzia, Piotr"]
[Result "0-1"]
[WhiteElo "2269"]
[BlackElo "2418"]
[PlyCount "142"]
[EventDate "2002.??.??"]

1. e4 c5 2. c3 d6 3. d4 Nf6 4. dxc5 Nc6 5. f3 d5 6. exd5 Nxd5 7. Bc4 e6 8. Bxd5
Qxd5 9. Qxd5 exd5 10. Be3 Ne5 11. b3 Nd3+ 12. Kd2 Nxc5 13. Na3 Bd7 14. Nc2 Bd6
15. Rd1 O-O 16. Kc1 Bc6 17. Ne2 Rfe8 18. Rhe1 Rad8 19. Ned4 Ne6 20. g3 a5 21.
Kb2 g6 22. Nxe6 fxe6 23. Bb6 Ra8 24. f4 e5 25. fxe5 Bxe5 26. Re3 Bg7 27. Rde1
a4 28. Rxe8+ Rxe8 29. Rxe8+ Bxe8 30. Nb4 axb3 31. Kxb3 Kf7 32. Bd4 Bf8 33. Nxd5
Bc6 34. Nf4 g5 35. Nd3 Ke6 36. a4 Kf5 37. a5 h5 38. Kc4 Ke4 39. Nb4 Be8 40. Bf6
g4 41. Nc2 Kf3 42. Be5 Ke4 43. Bf6 Kf3 44. Be5 Kg2 45. Kd4 Kxh2 46. c4 Kg2 47.
c5 Kf3 48. Ne1+ Ke2 49. Nd3 Be7 50. Nb4 Kf3 51. Kc4 Bd7 52. c6 bxc6 53. a6 Bc8
54. a7 Bb7 55. Nd3 Bg5 56. Bf4 Bd8 57. Kc5 Ke4 58. Ne5 Ba8 59. Ng6 Bf6 60. Bb8
Bd4+ 61. Kc4 Be3 62. Nf8 Kf3 63. Ne6 Bf2 64. Nd4+ Ke4 65. Ne6 c5 66. Nc7 Bc6
67. a8=Q Bxa8 68. Nxa8 Kf3 69. Bd6 Bxg3 70. Bxc5 h4 71. Nb6 h3 0-1

[Event "IHEM 2002"]
[Site "Hamburg"]
[Date "2002.05.23"]
[Round "6.10"]
[White "Trisic, Alexandar"]
[Black "Langrock, Hannes"]
[Result "1/2-1/2"]
[WhiteElo "2306"]
[BlackElo "2313"]
[PlyCount "91"]
[EventDate "2002.??.??"]

1. d4 f5 2. c4 Nf6 3. Nc3 g6 4. Nf3 Bg7 5. g3 O-O 6. Bg2 d6 7. O-O Nc6 8. d5
Ne5 9. Qb3 Nfd7 10. Na4 a6 11. Ng5 Nf6 12. c5 h6 13. Ne6 Bxe6 14. dxe6 Rb8 15.
Rd1 Qe8 16. Be3 g5 17. cxd6 cxd6 18. Ba7 Ra8 19. Bd4 f4 20. Nb6 Qh5 21. Nxa8
Rxa8 22. Bxe5 dxe5 23. Qf3 g4 24. Qxb7 Rf8 25. Rac1 e4 26. gxf4 e3 27. fxe3 g3
28. h3 Qxe2 29. Qf3 Qxb2 30. Rc7 Rb8 31. Rxe7 Qc2 32. Rf1 Rb2 33. Qxg3 Nh5 34.
Rxg7+ Nxg7 35. e7 Kf7 36. Bd5+ Ke8 37. Rf2 Rb1+ 38. Kg2 Qc1 39. Qg6+ Kd7 40.
Qg4+ Kd6 41. Qg6+ Kd7 42. Qf7 Kd6 43. Qg6+ Kd7 44. Qg4+ Ke8 45. Qg6+ Kd7 46.
Qg4+ 1/2-1/2

[Event "IHEM 2002"]
[Site "Hamburg"]
[Date "2002.05.23"]
[Round "6.11"]
[White "Meier, David-Geffrey"]
[Black "Breyther, Ruediger"]
[Result "1/2-1/2"]
[WhiteElo "2108"]
[BlackElo "2372"]
[PlyCount "45"]
[EventDate "2002.??.??"]

1. d4 Nf6 2. c4 e6 3. Nf3 b6 4. g3 Ba6 5. Qa4 Bb7 6. Bg2 c5 7. dxc5 Bxc5 8. Nc3
O-O 9. O-O Be7 10. Bf4 Na6 11. Rac1 Nc5 12. Qc2 Qc8 13. Rfd1 Nce4 14. Nxe4 Bxe4
15. Qa4 Qb7 16. Ne1 Bxg2 17. Nxg2 Rac8 18. e3 Rc5 19. e4 Rfc8 20. Be3 Ra5 21.
Qb3 Bc5 22. a3 Qc7 23. Qd3 {(=)} 1/2-1/2

[Event "IHEM 2002"]
[Site "Hamburg"]
[Date "2002.05.23"]
[Round "6.12"]
[White "Chevelevitch, Evgueni"]
[Black "Stephan, Axel"]
[Result "1-0"]
[WhiteElo "2278"]
[BlackElo "2311"]
[PlyCount "35"]
[EventDate "2002.??.??"]

1. e4 c5 2. Nf3 e6 3. d4 cxd4 4. Nxd4 Nf6 5. Nc3 d6 6. Be2 a6 7. O-O Qc7 8. f4
Be7 9. Kh1 O-O 10. a4 Nc6 11. Be3 Rb8 12. Qe1 Nb4 13. Qg3 g6 14. Rac1 Kh8 15.
Nf3 Nh5 16. Qf2 f5 17. exf5 gxf5 18. Bb6 1-0

[Event "IHEM 2002"]
[Site "Hamburg"]
[Date "2002.05.23"]
[Round "6.13"]
[White "Bach, Matthias"]
[Black "Wendt, Jan-Dietrich"]
[Result "1-0"]
[WhiteElo "2300"]
[BlackElo "2285"]
[PlyCount "101"]
[EventDate "2002.??.??"]

1. d4 Nf6 2. c4 g6 3. Nc3 d5 4. cxd5 Nxd5 5. g3 Bg7 6. Bg2 Be6 7. Nh3 Nc6 8. e4
Nxc3 9. bxc3 Bc4 10. f4 O-O 11. Be3 Na5 12. Kf2 c5 13. Re1 Qd7 14. Ng5 Rad8 15.
Nf3 f5 16. e5 cxd4 17. Qxd4 b6 18. Qxd7 Rxd7 19. Bd4 e6 20. Nd2 Bd5 21. Bf1 Rc8
22. Ba6 Rcc7 23. a4 Bf8 24. Red1 Kf7 25. h3 Rd8 26. Ke3 Nc6 27. Rac1 Ne7 28. a5
bxa5 29. c4 Ba8 30. Nb3 Rcd7 31. Nxa5 Nc6 32. Nxc6 Bxc6 33. c5 Rb8 34. Rb1 Rdd8
35. Bc4 Be4 36. Rxb8 Rxb8 37. Ra1 Rb7 38. Kd2 Rc7 39. Ra5 Be7 40. Kc3 g5 41.
Ra6 Bxc5 42. Bxe6+ Ke7 43. Bxc5+ Rxc5+ 44. Kd4 Rc1 45. Bb3 Rc7 46. Re6+ Kd8 47.
fxg5 Rd7+ 48. Rd6 Bb1 49. Ba4 Rxd6+ 50. exd6 a6 51. h4 1-0

[Event "IHEM 2002"]
[Site "Hamburg"]
[Date "2002.05.23"]
[Round "6.14"]
[White "Lindinger, Markus"]
[Black "Gollasch, Theo-Heinz"]
[Result "1-0"]
[WhiteElo "2299"]
[BlackElo "2126"]
[PlyCount "65"]
[EventDate "2002.??.??"]

1. d4 c5 2. Nc3 cxd4 3. Qxd4 Nc6 4. Qh4 d6 5. Nf3 Bf5 6. e4 Bg6 7. Bg5 h6 8.
O-O-O f6 9. Be3 Bf7 10. Nd4 g5 11. Qg3 h5 12. Bb5 Qc8 13. h4 g4 14. f4 gxf3 15.
gxf3 Bh6 16. f4 a6 17. Ba4 b5 18. Bb3 Nxd4 19. Rxd4 Rh7 20. Nd5 Rg7 21. Qf3 Rb8
22. f5 Qc5 23. Rhd1 Rc8 24. Kb1 Bxd5 25. exd5 Bxe3 {(=)} 26. Qxe3 Rg4 27. c3
Kf8 28. Rg1 Rxg1+ 29. Qxg1 a5 30. Qg6 a4 31. Bd1 e5 32. Bxh5 Qc7 33. Rg4 1-0

[Event "IHEM 2002"]
[Site "Hamburg"]
[Date "2002.05.23"]
[Round "6.16"]
[White "Maahs, Erich"]
[Black "Gaede, Derek"]
[Result "1-0"]
[WhiteElo "2194"]
[BlackElo "2181"]
[PlyCount "69"]
[EventDate "2002.??.??"]

1. e4 e6 2. d4 d5 3. Nd2 Nf6 4. e5 Nfd7 5. Bd3 c5 6. c3 Nc6 7. Ne2 cxd4 8. cxd4
f6 9. f4 Qb6 10. Nf3 Be7 11. a3 O-O 12. Qc2 f5 13. b4 Qd8 14. O-O Nb6 15. Bd2
Bd7 16. b5 Nb8 17. Qb3 Be8 18. a4 h6 19. a5 N6d7 20. Nc3 Kh8 21. Nxd5 exd5 22.
Qxd5 Nxe5 23. Qxe5 Bh5 24. Kh1 Bg4 25. Qe3 Bxf3 26. Qxf3 Qxd4 27. a6 Nd7 28.
axb7 Rab8 29. Rad1 Qb6 30. Qh5 Qxb7 31. Bc3 Bf6 32. Qxf5 Kg8 33. Bb4 Bd4 34.
Bxf8 Nxf8 35. Bc4+ 1-0

[Event "IHEM 2002"]
[Site "Hamburg"]
[Date "2002.05.23"]
[Round "6.17"]
[White "Frackowiak, Oliver"]
[Black "Schulz, Hans-Juergen"]
[Result "1-0"]
[WhiteElo "2069"]
[BlackElo "2104"]
[PlyCount "87"]
[EventDate "2002.??.??"]

1. e4 e5 2. Nf3 d5 3. Nxe5 Bd6 4. d4 dxe4 5. Bc4 Bxe5 6. Qh5 Qxd4 7. Qxf7+ Kd8
8. Qf8+ Kd7 9. Bxg8 Na6 10. O-O Kc6 11. Be3 Qd6 12. Bd5+ Qxd5 13. Qxh8 Qf7 14.
Qxh7 Bf5 15. Qh4 g5 16. Qh6+ Be6 17. Qxg5 Bxb2 18. Nd2 Bxa1 19. Rxa1 Rg8 20.
Qe5 Kd7 {(=)} 21. Nxe4 Kc8 22. Ng5 Rxg5 23. Qxg5 b6 24. a3 c5 25. Rd1 Nc7 26.
Qf4 Qg7 27. Qd6 Bd5 28. Qg3 Qf7 29. Bf4 Ne6 30. Rxd5 Nxf4 31. Qg4+ Kc7 32. Rd1
Ne6 33. Qg3+ Kc8 34. c3 Nf4 35. Qg4+ Kc7 36. Qg3 Kb7 37. Qf3+ Ka6 38. g3 Nh3+
39. Kg2 Qe6 40. Rd3 Ng5 41. Qd5 Qh3+ 42. Kg1 Qg4 43. h4 Nh3+ 44. Kf1 1-0

[Event "IHEM 2002"]
[Site "Hamburg"]
[Date "2002.05.24"]
[Round "7.2"]
[White "Berg, Emanuel"]
[Black "Wahls, Matthias"]
[Result "1-0"]
[WhiteElo "2514"]
[BlackElo "2561"]
[PlyCount "79"]
[EventDate "2002.??.??"]

1. e4 c5 2. Nf3 e6 3. d4 cxd4 4. Nxd4 Qb6 5. Nb3 Qc7 6. Bd3 a6 7. O-O Nf6 8.
Qe2 d6 9. c4 Nbd7 10. f4 g6 11. Nc3 Bg7 12. Be3 b6 13. Nd4 O-O 14. Rac1 Bb7 15.
b4 Rac8 16. Nf3 Qb8 17. Bd2 Rfe8 18. Kh1 Nh5 19. g4 Nhf6 20. h3 Qa8 21. Kh2 d5
22. e5 dxc4 23. Bb1 Nd5 24. Nxd5 Bxd5 25. Ng5 b5 26. Bc3 Qb8 27. Rce1 Nb6 28.
Qf2 Na4 29. Bd4 c3 30. Bc2 Rc4 31. a3 Rd8 32. Ba7 Qb7 33. Nxh7 Kxh7 34. Qh4+
Bh6 35. Be3 Rh8 36. f5 exf5 37. Rxf5 Be4 38. Rd1 Qc7 39. Rxf7+ Qxf7 40. Qxh6+
1-0

[Event "IHEM 2002"]
[Site "Hamburg"]
[Date "2002.05.24"]
[Round "7.3"]
[White "Dr. Reddmann, Hauke"]
[Black "Votava, Jan"]
[Result "0-1"]
[WhiteElo "2349"]
[BlackElo "2508"]
[PlyCount "54"]
[EventDate "2002.??.??"]

1. d4 e6 2. Nf3 c5 3. dxc5 Nf6 4. c4 Bxc5 5. Nc3 Nc6 6. a3 O-O 7. b4 Be7 8. e4
Qc7 9. Be2 a5 10. bxa5 Nxa5 11. e5 Ng4 12. Qd4 f5 13. Nb5 Qb8 14. Qc3 Nc6 15.
Bb2 Ngxe5 16. Nxe5 Bf6 17. f4 d6 18. Nxd6 Qxd6 19. c5 Qc7 20. Bf3 Nxe5 21. fxe5
Bh4+ 22. g3 Be7 23. c6 Qb6 24. Rd1 Ra5 25. Rd2 Rb5 26. Ba1 bxc6 27. Rf1 Ba6 0-1

[Event "IHEM 2002"]
[Site "Hamburg"]
[Date "2002.05.24"]
[Round "7.5"]
[White "Sax, Gyula"]
[Black "Hansen, Sune Berg"]
[Result "1/2-1/2"]
[WhiteElo "2566"]
[BlackElo "2536"]
[PlyCount "34"]
[EventDate "2002.??.??"]

1. e4 c5 2. Nf3 d6 3. d4 Nf6 4. Nc3 cxd4 5. Nxd4 a6 6. Be3 e5 7. Nb3 Be6 8. Qd2
Be7 9. f3 O-O 10. O-O-O Qc7 11. g4 Rc8 12. g5 Nh5 13. Kb1 Nd7 14. Rg1 Nb6 15.
Qf2 Bd8 16. Qd2 Be7 17. Qf2 Bd8 1/2-1/2

[Event "IHEM 2002"]
[Site "Hamburg"]
[Date "2002.05.24"]
[Round "7.8"]
[White "Dr. Müller, Karsten"]
[Black "Chevelevitch, Evgueni"]
[Result "1/2-1/2"]
[WhiteElo "2530"]
[BlackElo "2278"]
[PlyCount "101"]
[EventDate "2002.??.??"]

1. e4 e5 2. Nf3 Nc6 3. Nc3 Nf6 4. d4 exd4 5. Nxd4 Bb4 6. Nxc6 bxc6 7. Bd3 d5 8.
exd5 cxd5 9. O-O O-O 10. Bg5 c6 11. Qf3 Be7 12. Rfe1 Re8 13. h3 h6 14. Bf4 Be6
15. Rad1 Bd6 16. Na4 Rb8 17. b3 c5 18. c3 Bxf4 19. Qxf4 Qa5 20. Qd6 Rec8 21.
Re3 Qc7 22. Qxc7 Rxc7 23. Re2 Kf8 24. Bc2 a5 25. f4 Bd7 26. g4 Bb5 27. Rf2 Bxa4
28. bxa4 Re7 29. g5 Ne4 30. Bxe4 dxe4 31. Rd5 e3 32. Re2 Re4 33. Rxc5 Rxa4 34.
c4 Re8 35. Kg2 Re4 36. Rc8+ Ke7 37. Rc7+ Ke6 38. gxh6 gxh6 39. Kf3 Raxc4 40.
Rxc4 Rxc4 41. Rxe3+ Kf6 42. Rb3 Ra4 43. a3 Kf5 44. Rb5+ Kg6 45. Kg4 Rxa3 46.
Rb6+ Kg7 47. Ra6 Ra1 48. h4 Rg1+ 49. Kh5 Rf1 50. Kg4 Rg1+ 51. Kh5 {(=)} 1/2-1/2

[Event "IHEM 2002"]
[Site "Hamburg"]
[Date "2002.05.24"]
[Round "7.9"]
[White "Langrock, Hannes"]
[Black "Lindinger, Markus"]
[Result "1/2-1/2"]
[WhiteElo "2313"]
[BlackElo "2299"]
[PlyCount "32"]
[EventDate "2002.??.??"]

1. e4 c5 2. d4 cxd4 3. c3 Nf6 4. e5 Nd5 5. Nf3 d6 6. cxd4 Nc6 7. Bc4 Nb6 8. Bb5
dxe5 9. Nxe5 Bd7 10. Bxc6 Bxc6 11. Nxc6 bxc6 {(=)} 12. O-O e6 13. Nc3 Be7 14.
Be3 O-O 15. Rc1 Rc8 16. Na4 Qd5 1/2-1/2

[Event "IHEM 2002"]
[Site "Hamburg"]
[Date "2002.05.24"]
[Round "7.11"]
[White "Bach, Matthias"]
[Black "Jacoby, Gisbert"]
[Result "1/2-1/2"]
[WhiteElo "2300"]
[BlackElo "2275"]
[PlyCount "94"]
[EventDate "2002.??.??"]

1. d4 Nf6 2. c4 e6 3. Nf3 d5 4. Nc3 Bb4 5. g3 c5 6. a3 Bxc3+ 7. bxc3 Qa5 8.
cxd5 exd5 9. Bd2 Ne4 10. c4 Nxd2 11. Qxd2 Qxd2+ 12. Nxd2 dxc4 13. dxc5 Na6 14.
c6 b5 15. Bg2 Nc7 16. O-O Be6 17. Ne4 Ke7 18. Nc3 a5 19. f4 b4 20. f5 bxc3 21.
fxe6 fxe6 22. Rf4 Rab8 23. Rxc4 Rb3 24. a4 Nd5 25. Rc1 Rc8 26. e4 Nb4 27. e5 c2
28. Be4 Rb1 29. Rxb1 cxb1=Q+ 30. Bxb1 Rxc6 31. Rxc6 Nxc6 32. Bxh7 Nxe5 33. Bc2
Kd6 34. h4 Ng4 35. Bd1 Ne3 36. Bb3 Nf5 37. Kf2 Nd4 38. Bd1 Ke5 39. Ke3 Nf5+ 40.
Kf3 Kd4 41. h5 e5 42. g4 Ne3 43. Be2 Nd5 44. g5 e4+ 45. Kg4 Ke5 46. Bb5 Ne3+
47. Kg3 Nf5+ 1/2-1/2

[Event "IHEM 2002"]
[Site "Hamburg"]
[Date "2002.05.24"]
[Round "7.12"]
[White "Breyther, Ruediger"]
[Black "Gullaksen, Eirik"]
[Result "0-1"]
[WhiteElo "2372"]
[BlackElo "2326"]
[PlyCount "74"]
[EventDate "2002.??.??"]

1. e4 c5 2. Nf3 Nc6 3. d4 cxd4 4. Nxd4 Nf6 5. Nc3 e5 6. Ndb5 d6 7. Bg5 a6 8.
Na3 b5 9. Nd5 Be7 10. Bxf6 Bxf6 11. c3 Ne7 12. Nxf6+ gxf6 13. Qd2 Bb7 14. O-O-O
Bxe4 15. Qxd6 Qxd6 16. Rxd6 f5 17. Nc2 Rg8 18. f3 Bb7 19. a4 bxa4 20. Ne3 Rd8
21. Nc4 Nc6 22. Rxd8+ Kxd8 23. Nd6 Kd7 24. Nxf5 Rg5 25. Ne3 Ne7 26. Bd3 Nd5 {
(=)} 27. h4 Rg7 28. Nxd5 Bxd5 29. Rh2 a5 30. Kd2 Kd6 31. Ke3 f6 32. g4 h6 33.
Bf5 Rb7 34. Rd2 a3 35. Be4 Rb5 36. c4 Rb3+ 37. Ke2 Rxb2 0-1